Studies in Graph Theory /

Furkejuvvon:
Bibliográfalaš dieđut
Váldodahkki: Fulkerson, D.R (ed.)
Materiálatiipa: Girji
Giella:eaŋgalasgiella
Almmustuhtton: Washington, EUA : Mathematical Association of America, 1975, c1975
Ráidu:(Studies in Mathematics ; 12)
Fáttát:
Fáddágilkorat: Lasit fáddágilkoriid
Eai fáddágilkorat, Lasit vuosttaš fáddágilkora!

MARC

LEADER 00000nam^a2200000^a^4500
001 000194632
005 20250521000000.0
009 20260310102725.376
020 |a 0-88385-112-1 
037 |a Acervo ITESO - Biblioteca 
041 |a ING 
082 |a 511. 5  |b FUL V. 2 
100 |a Fulkerson, D.R.  |e (ed.) 
245 1 0 |a Studies in Graph Theory /  |c Ed. de D.R. Fulkerson. 
264 4 |a Washington, EUA :  |b Mathematical Association of America,  |c 1975, c1975 
300 |a X, p. 201-413, 9 p. 
336 |a texto  |b txt  |2 rdacontenido 
337 |a sin mediación  |b n  |2 rdamedio 
338 |a volumen  |b nc  |2 rdasoporte 
440 1 |a (Studies in Mathematics ;  |v 12) 
649 |a XX 
650 |a Teoría de Grafos -  |x Tema Principal 
650 |a Análisis Combinatorio 
650 |a Topología 
650 |a Matemáticas 
910 |a Fondo General 
920 |a Impresos - Libros 
930 |a Colección General 
905 |a 101 
901 |a 0500139739  |b IT1  |c ACC  |u 20250521 
902 |a https://opac.biblio.iteso.mx/vufind/Record/000194632